| 000 | 00914nam a2200241 a 4500 | ||
|---|---|---|---|
| 001 | 55460 | ||
| 003 | BD-RjUL | ||
| 005 | 20211209080252.0 | ||
| 008 | 161117s1967 bg ||||| |||| 00| 0 ben d | ||
| 020 | _c: TK 15.00 | ||
| 035 | _a(BD-RjUL)55583 | ||
| 040 |
_aBD-RjUL _bben _cBD-RjUL |
||
| 041 | _aben | ||
| 082 |
_223 _a781 _bKHM 1967 |
||
| 100 |
_aখান, রাজা নোয়াব আলী _9165216 |
||
| 245 | 1 | 0 |
_aমারিফুন্নাগমাত / _c রাজা নোয়াব আলী খান |
| 260 |
_aঢাকা : _bবাংলা একাডেমী, _c১৯৬৭ |
||
| 300 |
_a[২৪], ৩২৬ পৃ. ; _c২৬ সেমি. |
||
| 650 |
_aPrinciple of Music _9147236 |
||
| 650 |
_aসঙ্গীত নীতি _9165217 |
||
| 700 |
_aহিলালী, মকসুদুর রহমান, অনুবাদ _9165218 |
||
| 942 |
_2ddc _cBK _01 |
||
| 999 |
_c55460 _d55460 |
||